[Event "RUS-Cup7"]
[Site "Kstovo"]
[Date "1997.05.06"]
[Round "6"]
[White "Volkov, Sergey"]
[Black "Loginov, Valery A"]
[Result "1-0"]
[WhiteElo "2480"]
[BlackElo "2555"]
[Annotator "Tisdall,J"]
[PlyCount "65"]
[EventDate "1997.05.01"]
[EventType "swiss"]
[EventRounds "9"]
[EventCountry "RUS"]
[SourceTitle "CBM 059"]
[Source "ChessBase"]
[SourceDate "1997.08.01"]
[SourceVersion "1"]
[SourceVersionDate "1997.08.01"]
[SourceQuality "1"]

1. d4 Nf6 2. c4 e6 3. Nf3 Bb4+ 4. Bd2 Qe7 5. g3 Nc6 6. Bg2 Bxd2+ 7. Nbxd2 d6 8.
O-O O-O 9. e4 e5 10. d5 Nb8 11. Ne1 a5 12. Nd3 Bg4 (12... Bd7 $5 {is not as
popular, but assumes that f4 is coming anyway, and keeps the bishop on the
safe side of white's pawn mass. A typical duel between counterplay based on
the queenside and c-file against a white pawnstorm developed after} 13. f4 Na6
14. Re1 Nb4 15. Nf2 a4 16. f5 h6 17. Nf3 c6 18. Qd2 Na6 19. g4 Rfc8 20. h4 cxd5
21. cxd5 Rc5 22. g5 hxg5 23. hxg5 Nh7 24. Bf1 Rac8 25. Bd3 Qd8 $132 {in 0-1
Nickoloff,B-Liao,Y/Dubai olm 1986 (44)}) 13. Qe1 $5 $146 {A sensible idea.
White's queen is eager to be used on the dark squares in any event, and now
the advance f2-f4 will give black concerns about his Bg4, which is out on a
limb, and in danger of being surrounded by white pawns.} (13. f3 Bd7 14. f4 Na6
15. f5 h6 16. g4 Nh7 17. Nf3 c6 18. h4 cxd5 19. cxd5 Bb5 20. Rf2 Rfc8 $132 {
0-1 Tondivar,B-Ulibin,M/Leeuwarden op 1993 (32)}) 13... Na6 14. f4 exf4 {
Allowing white a mobile central pawn majority is a very risky decision.
Although holding ground and allowing white to mass a kingside pawns storm
looks passive, it has had more success, as seen in the analogous games quoted
above.} (14... Bd7 15. fxe5 dxe5 16. Nf3 $141 Nb4 {seems to give black solid
counterplay, unless white speculates with the exchange sacrifice} 17. Nfxe5 Nc2
18. Qc3 Nxa1 19. Rxa1 {which should not be terribly dangerous.}) 15. gxf4 Rfe8
$2 (15... Nb4 $5 {still looks more to the point, as now white gets a firm grip
on the center.} 16. Nxb4 axb4 17. Qg3 (17. Qe3 $5) 17... Bd7 18. e5 Nh5 19. Qf3
g6 $13) 16. a3 a4 17. Qe3 Bd7 18. Rae1 c6 (18... Ng4 19. Qg3 $1 (19. Qd4 f6 $5)
19... f6 $141 20. Bh3 Nh6 21. Bxd7 Qxd7 22. e5 $16) (18... b5 19. e5 Ng4 20.
Qg3 $16) 19. e5 cxd5 20. cxd5 Ng4 (20... Bf5 21. Qd4 Bxd3 22. Qxd3 Nc5 23. Qg3
Z0 24. Nc4 $140 $18) 21. Qd4 Bf5 22. Ne4 (22. Nc4 $5 Bxd3 (22... Qh4 23. h3
Nxe5 24. Nxd6 $18) 23. Qxd3 dxe5 24. d6 $16) 22... Bxe4 23. Rxe4 {Black's
position is wretched as he has no compensation for white's powerful center,
and no stable posts for his knights.} f5 24. Ree1 Qh4 25. h3 Nxe5 26. Nxe5 Rxe5
27. Rxe5 dxe5 28. Qxe5 {Black has managed to prevent a duo of white pawns, but
that is small consolation for the absolute central domination he still faces,
and white's huge superiority in mobility.} Nc5 29. d6 Ne4 30. d7 $18 Qf6 $6 (
30... Rf8 $142 31. Rd1 Qf2+ 32. Kh1 Qg3 (32... Ng3+ 33. Kh2 $18) 33. Qe6+ Kh8
34. Qxe4 fxe4 35. d8=Q $18) 31. Bxe4 fxe4 32. Qxf6 gxf6 33. Rc1 1-0

[Event "Sigeman & Co 05th"]
[Site "Malmo"]
[Date "1997.06.12"]
[Round "3"]
[White "Sokolov, Ivan"]
[Black "Hellsten, Johan"]
[Result "1/2-1/2"]
[WhiteElo "2615"]
[BlackElo "2485"]
[Annotator "Tisdall,J"]
[PlyCount "103"]
[EventDate "1997.06.10"]
[EventType "tourn"]
[EventRounds "9"]
[EventCountry "SWE"]
[EventCategory "13"]
[SourceTitle "CBM 060"]
[Source "ChessBase"]
[SourceDate "1997.09.29"]
[SourceVersion "1"]
[SourceVersionDate "1997.09.29"]
[SourceQuality "1"]

1. d4 {Hecht} Nf6 2. c4 e6 3. Nf3 Bb4+ 4. Nbd2 O-O 5. a3 Be7 6. e4 d5 7. Qc2 (
7. Bd3) (7. e5) 7... dxe4 8. Nxe4 Nc6 9. Be3 Nxe4 10. Qxe4 f5 11. Qd3 f4 12.
Bd2 e5 13. dxe5 Bg4 14. Bc3 ({I suggested} 14. Qe4 $5 {before, and it still
looks worth testing to me.}) 14... Bc5 $146 (14... Qe8 15. Be2 Bf5 16. Qd5+ Kh8
17. O-O-O a6 18. Qd2 b5 19. Bd3 Rd8 20. Qe2 Rxd3 21. Rxd3 b4 22. axb4 Nxb4 23.
Bxb4 Bxb4 24. Rhd1 Qa4 {was entertaining but just too speculative for black in
1-0 Gunawan,R-Adianto,U/Jakarta 1996/CBM 57 (57)}) 15. b4 (15. Qd5+ $2 Qxd5 16.
cxd5 Bxf3 17. gxf3 Nxe5 $1 $17) 15... Qxd3 16. Bxd3 Rad8 17. Be4 Bxf3 18. gxf3
(18. Bxf3 $5 Bd4 (18... Rd3 19. Bd5+ Kh8 20. bxc5 Rxc3 21. Kd2 $16) 19. Bxd4
Nxd4 (19... Rxd4 20. Bd5+ Kh8 21. Rd1 $16 Rxd1+ $140 22. Kxd1 Nxe5 23. Re1 Nd3
24. Re7) 20. O-O-O $16 (20. Be4)) 18... Bd4 19. Bxd4 Rxd4 20. Bd5+ Kh8 21. e6 (
21. Rd1 Rxd1+ 22. Kxd1 Nxe5 23. Re1 Nd3 24. Re7 c6 $132) 21... Ne7 22. Bxb7 g6
$1 {[%cal Yh8f6]} 23. O-O Kg7 24. c5 Kf6 {[%csl Re6,Ge7,Rf3][%cal Yd8d1]
White's fractured pawn structure and black's control of the d-file give him
surprising compensation.} 25. Rfe1 c6 $6 {This allows white a target - the
pawn advance to b5, but gains access to the d5 square for additional active
counterplay.} (25... Rfd8 $5) 26. Ba6 Rfd8 27. Rac1 {To create a passed c-pawn
after breaking through with b4-b5.} R8d5 $1 28. b5 $2 {This looks premature.
Maybe} (28. Re4 $5 Rd1+ (28... Rxe4 29. fxe4 Rg5+ 30. Kf1 Kxe6 31. b5 $18) 29.
Rxd1 Rxd1+ 30. Kg2 g5 {though white still has technical difficulties, playing
without his king.}) (28. h4 $5 {planning Re4 is also interesting.}) 28... cxb5
29. Bxb5 (29. c6 Rc4 30. Rxc4 bxc4 31. Bxc4 Rc5 {is like the game.} (31... Rg5+
32. Kf1 Nxc6 $2 33. e7 Nxe7 34. Re6+ Kf7 35. Ra6+)) 29... Rg5+ $1 30. Kf1 Rdd5
{Now the weak e-pawn will be white's only remaining material advantage.} 31.
Bd7 Rxc5 32. Rb1 Rge5 33. Rxe5 Kxe5 34. Rb7 a5 35. a4 Kd6 36. Ra7 (36. Rb6+ $5
Ke5 37. Rb5 Kd6 38. Rxc5 Kxc5 39. Ke2 Kd4 {and it is difficult to envision
progress for white.}) 36... Nd5 {Now the N heads for c7 where it will threaten
e6 and restrict white's pieces.} 37. Ra6+ Ke7 38. Ke2 Nc7 39. Rb6 Nxe6 $1 {
Accurately calculated, this kind of decision is never easy just before the
time control.} 40. Bxe6 Re5+ 41. Kd3 Rxe6 42. Rxe6+ Kxe6 {[#] Hecht: Trotz des
Raumvorteils und der Möglichkeit, den Ba5 zu erobern hält Schwarz wegen der
Reservetempi des Bh7 remis.} 43. Kc4 (43. Ke4 {Hecht} g5 44. h4 $4 gxh4 45.
Kxf4 h5 46. Ke3 h3 $19) 43... g5 {Black has enough free moves with his h-pawn
to engineer a drawn ending.} 44. Kb5 Kd5 45. Kxa5 Kc5 46. h3 h6 47. Ka6 Kc6 48.
a5 h5 49. Ka7 Kc7 50. a6 h4 $11 {Letztes Reservetempo! Der weiße König bleibt
eingeschlossen.} 51. Ka8 Kc8 {Am einfachsten.} (51... Kb6 $5 {Hecht} 52. Kb8
Kxa6 53. Kc7 Kb5 54. Kd6 Kc4 55. Ke5 Kd3 56. Kf5 Ke2 57. Kxg5 Kxf3 58. Kf5 Kxf2
(58... Kg2 59. Kxf4 Kxh3 60. Kg5 $11) 59. Kxf4 Ke2 60. Kg4 Ke3 61. Kxh4 Kf4 $11
) 52. Ka7 1/2-1/2

[Event "RUS-chT 05th"]
[Site "Maikop"]
[Date "1998.06.05"]
[Round "3"]
[White "Gagarin, Vasilij"]
[Black "Khasin, Alexander"]
[Result "0-1"]
[WhiteElo "2415"]
[BlackElo "2495"]
[Annotator "Tisdall,J"]
[PlyCount "84"]
[EventDate "1998.06.03"]
[EventType "team-tourn"]
[EventRounds "11"]
[EventCountry "RUS"]
[SourceTitle "CBM 066"]
[Source "ChessBase"]
[SourceDate "1998.09.30"]
[SourceVersion "1"]
[SourceVersionDate "1998.09.30"]
[SourceQuality "1"]
[WhiteTeam "Moscow Apiko-Yakimanka"]
[BlackTeam "Noyabrsk Yamal"]
[WhiteTeamCountry "RUS"]
[BlackTeamCountry "RUS"]

1. d4 Nf6 2. c4 e6 3. Nf3 Bb4+ 4. Bd2 Qe7 5. g3 Nc6 6. Nc3 Bxc3 7. Bxc3 Ne4 8.
Qc2 Nxc3 9. Qxc3 O-O 10. Bg2 d6 11. d5 Nd8 12. O-O e5 13. e4 c5 (13... f5 $5
14. exf5 Bxf5 15. Rae1 Nf7 16. Nh4 $5 Bd7 17. f4 Qd8 18. c5 Bb5 19. Rf2 exf4
20. a4 Bxa4 21. Rxf4 Bb5 22. Nf5 Ne5 23. Rxe5 dxe5 24. Qxe5 Rxf5 25. Qe6+ Kh8
26. Qxf5 Qe7 {1/2-1/2 Galliamova Ivanchuk,A-Chiburdanidze,M/Pula 1997/EXP 57 
(26)}) 14. a3 (14. Nd2 a5 (14... Bd7 15. a3 b6 16. f4 f6 17. Rf2 Nf7 18. Raf1
a5 19. b3 Ra7 20. a4 g6 21. h3 Kg7 22. f5 Rh8 23. Qf3 g5 24. Qh5 Be8 25. h4 Qf8
26. Qe2 Rg8 27. h5 {1/2-1/2 Khalifman,A-Nielsen,P/Aarhus 1997/CBM 60 (27)}) 15.
f4 f6 16. b3 b6 17. Rf2 Nf7 18. Raf1 Bd7 19. a4 g5 20. f5 Kg7 21. Bf3 Rh8 22.
Bh5 Rag8 23. Rg2 Kf8 24. h3 Be8 25. Kf2 Nd8 26. Qf3 Bxh5 27. Qxh5 Qf7 28. g4
Qxh5 29. gxh5 Nf7 30. Rfg1 h6 31. Nb1 Ke7 32. Nc3 Kd7 33. Ke3 Rg7 34. Rg3 Rf8
35. Kd3 Ra8 36. Nd1 Rh8 37. Ne3 Ke7 38. Ng2 Rgh7 39. Ne1 Ra8 40. Nf3 Rb8 41.
R3g2 Ra8 42. Nd2 {1/2-1/2 Khalifman,A-Wahls,M/GER 1996/BL9697 (42)}) (14. dxc6
Nxc6 15. h3 Be6 16. Rfd1 Rfd8 17. Rd2 Qc7 18. Rad1 Rd7 19. Bf1 Rad8 20. Qa3 f6
21. b3 Qa5 22. Qxa5 Nxa5 23. Ne1 Nc6 24. Nc2 Kf8 25. Be2 g6 26. Kg2 Ke7 27. Ne3
Nd4 28. Nc2 Nxc2 29. Rxc2 Rc7 30. Rcd2 a5 31. Bg4 Bf7 32. a4 Be8 33. f4 exf4
34. gxf4 Rc5 35. Bf3 Bc6 36. Kf2 g5 37. Rg1 Rf8 38. Rgd1 gxf4 39. Rxd6 h5 40.
R6d4 Rg8 41. h4 Re5 42. R1d3 Rg3 43. Bg2 Rg4 44. Bh3 Rxh4 45. Bf5 Rg4 46. Rh3
Rg5 47. Rh4 Rexf5 48. exf5 f3 49. Rh2 Rxf5 50. Rdh4 Re5 51. Rxh5 f5 52. Rh7+
Kd6 53. R2h6+ Kc5 54. Rxc6+ Kxc6 55. Kxf3 Re1 56. Rf7 Rb1 57. Rf6+ Kc7 58. Rxf5
Rxb3+ 59. Ke4 Kb6 60. Kd4 Rb4 61. Rf6+ Ka7 62. Kc5 Rxa4 63. Kb5 Ra1 64. c5 a4
65. Rf4 a3 66. Ra4+ Kb8 67. Kb4 a2 68. Kb3 Kc7 69. Kb2 {1/2-1/2 Gyimesi,
Z-Wahls,M/GER 1997/BL9697 (69)}) 14... f6 (14... f5 15. exf5 Bxf5 16. Rae1 Nf7
17. Nh4 $36) 15. b4 Nf7 16. Ne1 b6 17. Nd3 f5 18. f4 (18. exf5 $142 Bxf5 19.
Rae1) 18... fxe4 19. Bxe4 Bh3 20. Rf2 exf4 21. Re1 $1 (21. Rxf4 $2 Ng5 22. Nf2
(22. Bg2 $4 Qe3+ 23. Kh1 Bxg2+ 24. Kxg2 Rxf4 $19) (22. Re1 $4 Nxe4 23. Rexe4
Qxe4 $19) 22... Rxf4 23. gxf4 Nxe4 24. Qxh3 Nxf2 25. Kxf2 Rf8 $17) 21... Qd7
22. Nxf4 Ne5 23. bxc5 bxc5 24. Qc2 g6 {[%csl Rc4,Ge5] The extremely powerful
knight on e5 gives black good chances.} 25. Bg2 $1 {[%csl Re6] White rightly
prefers to keep his knight, and create counterplay by weakening the e6-square.}
Bxg2 26. Kxg2 Qf5 27. Qxf5 Rxf5 28. Rc2 $6 (28. Re4 $5 Rb8 29. Ne6 $5 $132
Rxf2+ 30. Kxf2 Rb2+ 31. Ke3 Rb3+ 32. Ke2 Rxa3 33. Nxc5 Rc3 34. Nb7 Nxc4 35. Re6
{looks OK for white. To create counterplay with Ne6, white must be able to
also threaten entry on the f-line. The game continuation makes it much more
difficult for white to become active.}) 28... Rb8 29. Re3 a5 $1 {[%csl Rb3]}
30. Ne6 a4 31. Nc7 h5 $1 {A nice move, gaining space for the black king while
restricting white's.} 32. h3 (32. Nb5 Nxc4 33. Rxc4 Rxb5 34. Rxa4 Rb2+ 35. Kh3
Kh7 $1 {[%csl Rd5,Rh2,Rh3] and black has too many threats and targets.}) 32...
Rb3 33. Rec3 (33. Rcc3 Rb2+ 34. Kg1 Rff2 35. Ne8 Rfd2 36. Rc1 (36. Re1 Nd3 37.
Ra1 Rg2+ 38. Kh1 Rxg3 $19) (36. Kf1 Nf3 $1) 36... Nxc4 $19) 33... Nd3 $1 34.
Kg1 Rf3 35. Nb5 Rxg3+ 36. Kh2 h4 {Black's earlier fine play with his
"rook"-pawns allows him to keep total control.} 37. Nxd6 Ne1 38. Ne4 Nxc2 39.
Rxc2 Rxh3+ 40. Kg2 Rxa3 41. Nxc5 Rag3+ 42. Kf2 {42.Kf1 makes more sense as the
finish - scoresheet error?} Rh1 0-1

[Event "Excelsior Cup"]
[Site "Gothenburg"]
[Date "1997.??.??"]
[Round "6"]
[White "Gretarsson, Helgi Ass"]
[Black "Sjoberg, Mats"]
[Result "1-0"]
[WhiteElo "2470"]
[BlackElo "2430"]
[Annotator "Tisdall,J"]
[PlyCount "73"]
[EventDate "1997.01.??"]
[EventType "tourn"]
[EventRounds "9"]
[EventCountry "SWE"]
[EventCategory "9"]
[SourceTitle "CBM 057"]
[Source "ChessBase"]
[SourceDate "1997.04.01"]
[SourceVersion "1"]
[SourceVersionDate "1997.04.01"]
[SourceQuality "1"]

1. d4 {Hecht} Nf6 2. c4 e6 3. Nf3 Bb4+ 4. Bd2 Qe7 5. g3 Nc6 6. Nc3 O-O 7. Bg2 (
7. d5 $5 Na5 8. b3 c6 (8... b6 $5) 9. a3 Bxa3 10. dxe6 fxe6 (10... Bb4 $5) 11.
Nb1 Bb4 12. Rxa5 Bxa5 13. Bxa5 b5 14. cxb5 Rb8 15. bxc6 Ne4 16. Qd4 Rxb3 17.
Nfd2 Nxd2 18. Nxd2 Rb5 19. Bc3 Rd5 20. Qb4 Qf7 21. f4 a5 22. Qc4 Qe7 23. Bg2
Rc5 24. Qd4 Ba6 25. cxd7 Rd8 26. Ne4 Rc4 27. Qb6 Qxd7 28. Qxa6 Qd5 29. Nf6+ {
1-0 Arkell,K-Rossiter,P/BCF-ch 1993}) 7... Na5 $5 8. b3 b6 9. O-O Bb7 10. Qc2
Rfc8 (10... Rac8 11. Rfe1 c5 12. dxc5 (12. a3 $5) 12... Bxc5 13. e4 Ng4 14. Nd1
Nc6 15. Bc3 d6 16. a3 Nge5 17. Qd2 Qf6 18. Ng5 h6 19. Nh3 Nd4 20. Bxd4 Bxd4 21.
Ra2 a5 22. Nf4 Bc5 23. Nc3 Bc6 24. Nd3 Rfd8 25. Qc2 Bd4 26. Ne2 Nxd3 {0-1
Delemarre,J-Rytshagov,M/Amsterdam Donner op 1995}) 11. Rfe1 Bxc3 $6 {This is a
bit passive, and black will have great problems reasserting himself on the
dark squares later.} (11... c5 $1 {As in the Rytschagov game looks like a
logical alternative.} 12. a3 Bxc3 13. Bxc3 cxd4 $11) ({The classical reaction} 
11... d5 $5 {also looks fully playable, and sounder than the game continuation.
}) 12. Bxc3 Be4 13. Qb2 c6 14. Bxa5 bxa5 15. c5 Rcb8 16. Qa3 Bxf3 17. Bxf3 Rb4
18. Rad1 Qd8 {Black's position is reasonably solid, and he has the plan of
Rab8, a5-a4 and Qa5. In view of this, White opts to act quickly.} 19. e4 Qc7
20. d5 e5 (20... cxd5 $5 21. exd5 exd5 22. Bxd5 Rf8 {looks comfortable enough
for black. The c5 pawn is a headache for white, though the strong bishop and
play on the e-and c-lines guarantee him compensation when it falls.}) 21. d6
Qd8 22. Qb2 Qe8 $6 (22... a4 23. Qxe5 $14 axb3 24. axb3 Rxb3 25. Qf5 Qa5 $132)
23. a3 Rb7 24. Qc2 Rab8 25. Rb1 Qe6 26. Re3 $16 {After a period of some
turbulence, Black's position is now passive again. Understandably, he tries to
utilise the positive aspects of his fractured pawn structure.} a4 27. b4 a5 28.
Qxa4 axb4 29. Reb3 Qc4 30. Rxb4 Rxb4 31. Rxb4 Qc1+ 32. Qd1 $1 {The simplest.}
Qxd1+ 33. Bxd1 Rxb4 (33... Ra8 34. f4 $1) 34. axb4 {[#] Großer weißer
Raumvorteil bei einem Mehrbauern und aktiver Läufer gegen unbeweglichen
Springer. Taktik: Läuferopfer und Bauerndurchbruch nach Fehler Zug 34. Bessere
Verteidigung scheitert am fehlenden Raum.} Nxe4 (34... Kf8 $142 {Hecht} 35. f3
g5 36. Kf2 Ng8 (36... Ke8 37. Ke3 Kd8 38. f4 gxf4+ 39. gxf4 exf4+ 40. Kxf4 Ng8
41. Kg5 Ke8 42. e5 Kf8 43. Bc2 Kg7 44. Bf5 f6+ 45. Kh4 fxe5 46. Bxd7 $18) 37.
f4 f6 38. Bh5 $18) 35. Bg4 Nf6 36. Bxd7 $3 Nxd7 37. b5 (37. b5 Nb8 38. d7 $1
Nxd7 39. bxc6 $18) 1-0

[Event "RUS-ch"]
[Site "Elista"]
[Date "1996.??.??"]
[Round "3"]
[White "Filippov, Valerij"]
[Black "Lugovoi, Aleksei"]
[Result "1/2-1/2"]
[WhiteElo "2565"]
[BlackElo "2500"]
[Annotator "Tisdall,J"]
[PlyCount "125"]
[EventDate "1996.10.15"]
[EventType "swiss"]
[EventRounds "11"]
[EventCountry "RUS"]
[SourceTitle "CBM 056"]
[Source "ChessBase"]
[SourceDate "1997.02.01"]
[SourceVersion "1"]
[SourceVersionDate "1997.02.01"]
[SourceQuality "1"]

1. Nf3 {Hecht} d5 2. d4 Nf6 3. c4 e6 4. g3 Bb4+ 5. Bd2 Be7 6. Bg2 O-O 7. O-O c6
8. Qc2 b6 9. Rd1 Bb7 10. b3 Ne4 11. Nc3 f5 {It would be fair to classify this
game as a Stonewall Dutch. Both sides have wasted some time with their
dark-squared bishops.} 12. Bf4 Nd7 13. Ne5 Bf6 14. Nxd7 Qxd7 15. Be5 Bxe5 16.
dxe5 Nxc3 17. Qxc3 f4 18. e4 f3 19. Bf1 (19. Bxf3 Qf7) 19... Qe7 20. Rac1 Rad8
21. exd5 cxd5 22. c5 Rc8 23. b4 bxc5 24. bxc5 Rc7 $1 {Black's position bears
the sign of a successful Stonewall. Typical of this success is that his bishop
is actually a bit stronger than white's, and the white pawns on dark squares
are targets.} 25. Bh3 $6 (25. Bb5 Rfc8 $15) (25. Qe3 $5) 25... Ba6 $1 {A very
efficient way to increase the pressure against c5, and later a2.} 26. Qe3 Bc4
27. Bg4 Rxc5 28. Bxf3 Ra5 29. Rd2 Bxa2 30. Be2 Qb4 31. Rc7 Bb1 32. Qg5 Bg6 33.
Bd3 Qb8 34. Rdc2 Qd8 35. Qg4 Bf7 36. Rb7 Ra1+ 37. Kg2 Ra3 38. Qd4 Rxd3 39. Qxd3
Bg6 40. Qc3 Be4+ 41. f3 Bxc2 $2 (41... d4 $1 42. Qc7 (42. Rxg7+ Kxg7 43. Qc7+
Qxc7 44. Rxc7+ Rf7 $19) 42... Bxf3+ 43. Kg1 Bxb7 $19) 42. Qxc2 Rf7 43. Rb4 Rc7
44. Qa4 h6 45. h4 Qf8 46. g4 $5 Rc2+ (46... Qc8 47. h5) 47. Qxc2 Qxb4 {[#]_|_
Hecht schwarze o^o^ vs weißes Spiel gegen e6 iV. mit Dauerschach} 48. h5 Qb7 (
48... d4 {Hecht} 49. Qc8+ Kf7 50. Qd7+) 49. Qa4 Kf8 (49... Qb2+ 50. Kh3 Kf8 51.
Qd7 $1) 50. Kg3 Qc7 51. Qb4+ Kf7 52. f4 a5 53. Qb1 Qe7 (53... Qc6 $5) 54. Qb5
Qa7 55. Kf3 a4 56. f5 a3 $6 (56... Qc7 $17) 57. Qc6 Qe7 (57... a2 {Hecht} 58.
Qxe6+ Kf8 59. Qc8+ Ke7 60. Qe6+ Kd8 61. Qxd5+ Kc7 62. Qc4+ Kb8 63. Qg8+ Kb7 64.
Qb3+ $11) 58. fxe6+ Qxe6 59. Qb7+ Kg8 60. Qa8+ Kh7 61. Kf4 $1 Qb6 62. Qxa3 Qd4+
63. Kf5 (63. Kf5 Qe4+ 64. Ke6 d4 65. Kd6 d3 (65... Qxg4 66. Qd3+ {Pe}) 66. Qc3
$1) 1/2-1/2

[Event "Jakarta"]
[Site "Jakarta"]
[Date "1996.??.??"]
[Round "?"]
[White "Gunawan, Ronny"]
[Black "Adianto, Utut"]
[Result "1-0"]
[WhiteElo "2425"]
[BlackElo "2605"]
[Annotator "Tisdall,J"]
[PlyCount "115"]
[EventDate "1996.08.28"]
[EventType "tourn"]
[EventRounds "11"]
[EventCountry "INA"]
[EventCategory "10"]
[SourceTitle "CBM 057"]
[Source "ChessBase"]
[SourceDate "1997.04.01"]
[SourceVersion "1"]
[SourceVersionDate "1997.04.01"]
[SourceQuality "1"]

1. Nf3 Nf6 2. d4 e6 3. c4 Bb4+ 4. Nbd2 d5 5. a3 Be7 6. Qc2 O-O 7. e4 dxe4 8.
Nxe4 Nc6 9. Be3 (9. Bd3 Nxd4 (9... h6 10. Be3 $14 Ng4 11. Rd1 f5 12. Nc3 Bf6
13. O-O Bxd4 14. Bxf5 Rxf5 15. Bxd4 Rxf3 16. gxf3 Nxh2 17. Kxh2 Qh4+ $10 {
Epishin,V-Arnason,J, New York Open 1989.}) (9... Nxe4 10. Bxe4 Nxd4 11. Nxd4
Qxd4 12. Be3 Qe5 13. Bxh7+ Kh8 14. Bd3 Qa5+ 15. Bd2 Qe5+ 16. Be2 Qf5 17. Bd3
Qe5+ {1/2-1/2 Dreev,A-Vaganian,R/Reggio Emilia9596 1996}) 10. Nxd4 Qxd4 11.
Nxf6+ Qxf6 $5 (11... Bxf6 12. Bxh7+ Kh8 13. Be4 Bd7 $5 14. Rb1 (14. Bxb7 Rab8
15. Bf3 Qe5+ $13) 14... Bc6 15. Bxc6 bxc6 16. Be3 Qe5 17. O-O Rfb8 18. b4 a5
19. bxa5 Qxa5 20. Qe4 Qxa3 21. Rbd1 Rd8 22. Qxc6 Rxd1 23. Rxd1 Qa4 24. Qf3 c6
25. Qe2 Qa2 26. Qxa2 Rxa2 27. g3 Ra4 {1/2-1/2 Hansen,C-Jussupow,A/Munich 1992})
12. Bxh7+ Kh8 13. Be4 Qh4 14. O-O f5 15. Bf3 e5 16. g3 Qf6 17. Bg2 f4 18. Re1
Bc5 19. gxf4 exf4 20. Bf3 c6 21. Ra2 Qg5+ 22. Kh1 Bg4 23. Be4 Rae8 24. Rg1 Qh5
{0-1 Braun,P-Timmer,R/Baden Baden op 1993}) 9... Nxe4 10. Qxe4 f5 11. Qd3 (11.
Qc2 f4 12. Bd2 Nxd4 13. Nxd4 Qxd4 14. O-O-O Qxf2 15. Bd3 Qh4 16. g3 Qh5 17.
gxf4 Bd7 18. Rhg1 Bf6 19. Bc3 Bc6 20. Rg3 Qh6 21. Rdg1 Rf7 22. Bxf6 Rxf6 23.
Rxg7+ Qxg7 24. Bxh7+ Kh8 25. Rxg7 Kxg7 26. Be4 Bxe4 27. Qxe4 c6 28. Qd4 Raf8
29. Qxa7 R8f7 30. Qd4 Kf8 31. Qd6+ Kg8 32. Kb1 Rxf4 33. Qxe6 R4f6 34. Qc8+ Kg7
35. Qg4+ Kf8 {Renman,N-Raaste,E/SVE-FIN 1989/1/2-1/2 (51)}) 11... f4 (11... Bf6
12. O-O-O e5 13. dxe5 Qxd3 14. Bxd3 Nxe5 15. Nxe5 Bxe5 16. Rhe1 Bd7 17. f4 Bf6
18. b3 Bc6 19. Bxf5 Bxg2 20. Be6+ Kh8 21. Rd7 Rfe8 22. f5 g6 23. Rf7 Bg7 24.
Rxc7 Bc6 25. Bd2 gxf5 26. Bxf5 Rxe1+ 27. Bxe1 Re8 28. Bd2 Kg8 29. h4 Re2 30. h5
Be5 31. Rc8+ Kf7 32. Bxh7 Rh2 33. Bg6+ Kg7 34. Rd8 a5 35. Rd3 a4 36. b4 Rh1+
37. Kc2 Rg1 38. b5 Rxg6 39. hxg6 Be4 40. Bc3 {1-0 Wedberg,T-Ziska,B/Torshavn
Nordic-ch 1987}) 12. Bd2 e5 13. dxe5 Bg4 14. Bc3 (14. Qe4 $5) 14... Qe8 15. Be2
Bf5 16. Qd5+ Kh8 17. O-O-O (17. O-O $5 {looks safer to me;} Qg6 (17... a6 18.
Qd2) 18. Rfd1) 17... a6 18. Qd2 b5 $5 19. Bd3 ({Greed doesn't pay:} 19. cxb5 $2
axb5 20. Bxb5 Na5 $1 21. Bxa5 Qxb5 {and black's attack and control of the
light squares is worth far more than a pawn.}) 19... Rd8 (19... b4 20. axb4
Bxd3 21. Qxd3 Nxb4 22. Bxb4 Bxb4 23. Ng5 Qh5 24. Ne6 $18) 20. Qe2 Rxd3 {
The previous variation showed that white quickly gains the upper hand if
allowed to take the initiative. This exchange sacrifice gives black better
practical chances. Black's monopoly of the light squares and pressure around
the king forces accurate defence by white.} 21. Rxd3 b4 $5 (21... Qg6 $5 22.
Rdd1 Qe6 $5 (22... Rb8 23. e6 $5)) 22. axb4 Nxb4 23. Bxb4 Bxb4 24. Rhd1 Qa4 25.
Nd4 {The arrival of this piece to the critical sector guarantees white against
being overpowered.} Bg6 26. Nc2 Be7 27. Qd2 f3 {This seems to be designed to
create threats involving ...Bg5, but white's position appears to be fireproof.}
28. gxf3 Qxc4 29. Rc3 Qa2 30. Rxc7 Rb8 31. Qd4 Qa5 (31... Bg5+ $5 32. Ne3 $1 (
32. f4 Bxf4+ 33. Qxf4 Bxc2 34. Kxc2 (34. Rxc2 Qa1+ 35. Kd2 Rd8+ $44) 34... Qb3+
$3) 32... Qa1+ 33. Kd2 Qa5+ (33... Rxb2+ 34. Ke1 Qa5+ 35. Qc3) 34. Qc3) 32. Qd7
Bg5+ 33. Kb1 (33. Ne3 Qa1+ (33... Bxe3+ 34. fxe3 Qa1+ 35. Kd2 Qxb2+ 36. Ke1
Qxe5 37. Qe7) 34. Kd2 Qxb2+ 35. Ke1 Rg8 (35... Qxe5 36. Rc8+ $16)) 33... Rg8 {
Black's recurring problem is that he cannot avoid exchanges on the back rank -
this kills any chances of his furhte confusing the issue.} 34. Rc8 Qxe5 35.
Rxg8+ Kxg8 36. Qd5+ Qxd5 37. Rxd5 $18 Bf4 38. h4 h6 39. b4 Kf7 40. Kb2 Ke6 41.
Ra5 Be5+ 42. Kc1 Bd3 43. Kd2 Bf1 44. Ke3 Bf6 45. Nd4+ Kd7 46. Ne2 Bxh4 47. Ra1
Bxe2 48. Kxe2 Be7 49. Rxa6 Bxb4 50. Ra7+ Ke6 51. Rxg7 Kf5 52. Rf7+ Kg6 53. Rb7
Bc5 54. f4 Bd4 55. Kf3 h5 56. Rb4 Ba7 57. Ra4 Bc5 58. Ra6+ 1-0